| 000 | 00623nam a2200253Ia 4500 | ||
|---|---|---|---|
| 008 | 210210b2005 xxu||||| |||| 00| 0 eng d | ||
| 020 | _a8181283198 | ||
| 041 | _aeng | ||
| 082 | _a515.353 WUJT | ||
| 100 | _aWU (Jianhong) | ||
| 245 | _aTheory and applications of partial functional differential equations | ||
| 260 |
_aNew Delhi _bSpringer _c2005 |
||
| 300 | _ax,429 | ||
| 650 | _aTheory | ||
| 650 | _apartial | ||
| 650 | _aof | ||
| 650 | _afunctional | ||
| 650 | _aequations | ||
| 650 | _adifferential | ||
| 650 | _aapplications | ||
| 650 | _aand | ||
| 690 | _aDifferential Equations | ||
| 906 | _a064180 | ||
| 999 |
_c140411 _d140411 |
||